Větrník naděje /

Hlavní autor: Černohorský, Jindra, 1911-1988
Další autoři: Stehlík, Karel, 1912-1985, Bílek, Josef, 1939-2017
Jazyk: Čeština
Vydáno: České Budějovice : Jihočeské nakladatelství, 1984
Vydání: 1. vyd.
Fyzický popis: 111 s. ; 20 cm
Knihy
Uloženo v:
LEADER 01025nam a22003012a 4500
001 001098928
003 CZ BrMZK
005 20100922134629.0
007 ta
008 100527s1984 xr a er|||||||||||cze d
015 |a cnb000009474 
020 |q (Brož.) :  |c 8 Kčs 
035 |a (OCoLC)39567524 
040 |a ABA001  |b cze  |d ABA001  |d BOA001 
080 9 |a 885.0-1 
100 1 |a Černohorský, Jindra,  |d 1911-1988  |7 jk01021449  |4 aut 
245 1 0 |a Větrník naděje /  |c Jindra Černohorský ; doslov Josef Bílek ; ilustroval Karel Stehlík 
250 |a 1. vyd. 
260 |a České Budějovice :  |b Jihočeské nakladatelství,  |c 1984  |e (Blatná :  |f JČT 07) 
300 |a 111 s. ;  |c 20 cm 
500 |a 750 výt. 
500 |a Doslov o autorovi 
700 1 |a Stehlík, Karel,  |d 1912-1985  |7 jn20000620342  |4 ill 
700 1 |a Bílek, Josef,  |d 1939-2017  |7 jk01012062  |4 waw 
910 |a BOA001  |b 2-0876.724 
990 |a BK 
991 |b 201005 
996 6 |b 2619318918  |c 2-0876.724  |l MZK  |r Sklad / do 1 hodiny  |n 0  |w 001124960  |u 000010  |a 1  |e BOA001  |j MZK50  |s P